Kurz, Mordecai. The market power of technology: Understanding the second gilded age (Record no. 525269)
[ view plain ]
| 000 -LEADER | |
|---|---|
| fixed length control field | 00725nam a22001457a 4500 |
| 008 - FIXED-LENGTH DATA ELEMENTS--GENERAL INFORMATION | |
| fixed length control field | 240220b ||||| |||| 00| 0 eng d |
| 100 ## - MAIN ENTRY--PERSONAL NAME | |
| Personal name | Gupta, Abhinav |
| 245 ## - TITLE STATEMENT | |
| Title | Kurz, Mordecai. The market power of technology: Understanding the second gilded age |
| 260 ## - PUBLICATION, DISTRIBUTION, ETC. (IMPRINT) | |
| Place of publication, distribution, etc | Journal of Economic Literature |
| 300 ## - PHYSICAL DESCRIPTION | |
| Extent | 61(3), Sep, 2023: p.1198-1199 |
| 520 ## - SUMMARY, ETC. | |
| Summary, etc | Gupta, Abhinav. 2023. "Kurz, Mordecai. The Market Power of Technology: Understanding the Second Gilded Age." Journal of Economic Literature, 61 (3): 1198-99.DOI: 10.1257/jel.61.3.1188.r3. – Reproduced https://www.aeaweb.org/articles?id=10.1257/jel.61.3.1188.r3 |
| 773 ## - HOST ITEM ENTRY | |
| Main entry heading | Journal of Economic Literature |
| 906 ## - LOCAL DATA ELEMENT F, LDF (RLIN) | |
| Subject DIP | BOOK REVIEW |
| 942 ## - ADDED ENTRY ELEMENTS (KOHA) | |
| Item type | Articles |
| Withdrawn status | Lost status | Source of classification or shelving scheme | Damaged status | Not for loan | Permanent location | Current location | Date acquired | Serial Enumeration / chronology | Barcode | Date last seen | Koha item type |
|---|---|---|---|---|---|---|---|---|---|---|---|
| Indian Institute of Public Administration | Indian Institute of Public Administration | 2024-02-20 | 61(3), Sep, 2023: p.1198-1199 | AR131076 | 2024-02-20 | Articles |
